| 000 | 00654cam a2200205 a 4500 | ||
|---|---|---|---|
| 001 | 000008827 | ||
| 005 | 20200929161421.0 | ||
| 008 | 000413s1999 ck 001 0 spa | ||
| 020 | _a9582810564 | ||
| 040 |
_aDO-SdBNP _cDLC |
||
| 082 |
_a986.1 _bB982l |
||
| 100 | 1 |
_aBustos Valencia, Alirio, _d1968- _923379 |
|
| 245 | 1 | 3 |
_aLa ley del monte / _cAlirio Bustos Valencia. |
| 260 |
_aSantafé de Bogotá : _bIntermedio, _c1999. |
||
| 300 |
_a198 p. ; _c22 cm. |
||
| 651 | 4 |
_aColombia _xPolítica Y Gobierno _x1903-1974 _923380 |
|
| 651 | 4 |
_aColombia _xSituación Social _923381 |
|
| 650 | 4 |
_aGuerrillas _xColombia _923382 |
|
| 910 | _aCatalogación por copia / LC | ||
| 999 |
_c8596 _d8596 |
||